UBT Library

Clinical drug therapy : (Record no. 43624)

000 -LEADER
fixed length control field 00997cam a22002894a 4500
001 - CONTROL NUMBER
control field 15377318
005 - DATE AND TIME OF LATEST TRANSACTION
control field 20180227082035.0
008 - FIXED-LENGTH DATA ELEMENTS--GENERAL INFORMATION
fixed length control field 080721s2009 paua b 001 0 eng
010 ## - LIBRARY OF CONGRESS CONTROL NUMBER
LC control number 2008032208
016 7# - NATIONAL BIBLIOGRAPHIC AGENCY CONTROL NUMBER
Record control number 101479427
Source DNLM
020 ## - INTERNATIONAL STANDARD BOOK NUMBER
International Standard Book Number 9780781777698
020 ## - INTERNATIONAL STANDARD BOOK NUMBER
International Standard Book Number 0781777690
035 ## - SYSTEM CONTROL NUMBER
System control number (OCoLC)213451287
040 ## - CATALOGING SOURCE
Original cataloging agency DNLM/DLC
Transcribing agency DLC
Modifying agency NLM
-- BTCTA
-- BAKER
-- YDXCP
-- C#P
-- CDX
-- DLC
041 ## - LANGUAGE CODE
Language code of text/sound track or separate title eng
042 ## - AUTHENTICATION CODE
Authentication code pcc
060 10 - NATIONAL LIBRARY OF MEDICINE CALL NUMBER
Classification number QV 55
Item number A161c 2009
080 ## - UNIVERSAL DECIMAL CLASSIFICATION NUMBER
Universal Decimal Classification number 615.58 ABR
082 00 - DEWEY DECIMAL CLASSIFICATION NUMBER
Classification number 615.58 ABR
Edition number 22
100 1# - Rafti
Rafti 3
101 ## - Shkurtesa
Shkurtesa SHM
245 10 - TITLE STATEMENT
Title Clinical drug therapy :
Statement of responsibility, etc Anne Collins Abrams, Carol Barnett Lammon, Sandra Smith Pennington ; consultant, Tracey L. Goldsmith.
504 ## - BIBLIOGRAPHY, ETC. NOTE
Bibliography, etc Includes bibliographical references and index.
906 ## - LOCAL DATA ELEMENT F, LDF (RLIN)
a 7
b cbc
c orignew
d 1
e ecip
f 20
g y-gencatlg
942 ## - ADDED ENTRY ELEMENTS (KOHA)
Source of classification or shelving scheme
Item type Books
Holdings
Withdrawn status Lost status Source of classification or shelving scheme Damaged status Not for loan Collection code Permanent location Current location Shelving location Date acquired Total Checkouts Full call number Barcode Date last seen Price effective from Koha item type
          Koleksioni i përgjithshem UBT - Lipjan UBT - Lipjan Koleksioni i përgjithshem 02/27/2018   615.58 ABR 002-3000047 02/27/2018 02/27/2018 Books
UBT Library © 2015-2024. All rights reserved University Education for Business and Technology